Geometria pre 7. ročník /

Bibliographic Details
Main Authors: Kust, Jiží (Author), Macháň, František (Author), Procházka, František (Author)
Format: Book
Language:Slovak
PhysicalDescription:128 s.
Published: Bratislava : Slovenské pedagogické nakladateľstvo, 1976
Edition:7. vyd.
Subjects:

MARC

LEADER 00000cam a22000005a 4500
001 vtls010640649
003 SK-MaSNL
005 20260301134035.0
008 240318 1976 xo b 000 0 slo
040 |a SNK  |b slo  |c SNK  |e AACR2 
041 0 |a slo 
044 |a xo  |c SK 
100 1 |a Kust, Jiží  |4 aut  |9 487398 
245 1 0 |a Geometria pre 7. ročník /  |c Jiří Kust, František Macháň, František Procházka 
250 |a 7. vyd. 
260 |a Bratislava :  |b Slovenské pedagogické nakladateľstvo,  |c 1976 
300 |a 128 s. 
650 0 7 |a geometria  |2 SNKPH  |9 829 
655 7 |a učebnice základných škôl  |2 SNKPH  |9 70187 
700 1 |a Macháň, František  |4 aut  |9 322359 
700 1 |a Procházka, František  |4 aut  |9 296251 
958 |a OND 
999 |c 755539  |d 757469 
952 |a SNK  |b SNK  |y VYP  |7 0  |p 17A1076603  |o snkSC 38251 D1  |i snkKSP 1501/76  |3 rekatalogizácia  |0 0  |1 0  |4 0  |d 2014-12-03  |l 0  |r 2026-02-23 23:47:15  |w 2026-02-23